Flags of the Dutch Overseas Territories - Statistics

General Stats
  • This quiz has been taken 55 times
  • The average score is 5 of 6
Answer Stats
Picture Hint Answer % Correct
1.04% Curaçao
100%
0.42% Aruba
97%
0.08% Sint Maarten
82%
0.69% Bonaire
79%
0.03% Saba
59%
0.05% Sint Eustatius
47%
No matching quizzes found
Score Distribution
Percent of People with Each Score
Percentile by Number Answered
Your Score History
You have not taken this quiz